Les scènes en forêt en 20 clics - Statistiques

Statistiques générales
  • Ce quiz a été pris 43 fois
  • Le résultat moyen est 10 sur 20
Statistiques - réponses
Hint Réponse % Correct
Rambo
97%
The Revenant
86%
Excalibur
81%
Apocalypse Now
78%
Sleepy Hollow - La Légende du cavalier sans tête
78%
Platoon
64%
Robin des Bois, prince des voleurs
53%
Le Projet Blair Witch
50%
Forrest Gump
47%
Le Village
47%
Blair Witch 2 : Le Livre des ombres
36%
Cannibal Holocaust
36%
Voyage au bout de l'enfer
36%
À couteaux tirés (1997)
31%
Aguirre - La colère de Dieu
31%
Evil Dead
31%
La Cabane dans les bois
31%
La Ligne rouge
31%
Le Pacte des loups
25%
The Green Inferno
19%
Aucun quiz correspondant
Distribution des résultats
% des personnes avec chaque résultat
Percentile par nombre de réponses
Votre historique - résultats
Vous n’avez pas pris ce quiz